| 000 | 00792nam a2200229 a 4500 | ||
|---|---|---|---|
| 001 | 000025963 | ||
| 005 | 20200930024204.0 | ||
| 008 | 110224s1989 mx r 000 0 spa d | ||
| 020 | _a9688882240 | ||
| 040 |
_aDO-SdBNP _bspa _cBNPHU |
||
| 041 | 1 | 7 |
_aspa _heng _2Código de idiomas MARC |
| 082 |
_a353.00722 _bW668p |
||
| 100 | 1 |
_aWildavsky, Aaron. _952847 |
|
| 240 | 1 | 4 |
_aThe politics of the budgetary process. _lEspañol |
| 245 | 1 | 4 |
_aLas politicas del proceso presupuestal / _cAaron Wildavsky ; traducción de David Basurto Clark. |
| 260 |
_aMéxico, D. F. : _bPrisma, _c1989. |
||
| 300 |
_a243 p. ; _c21 cm. |
||
| 650 | 4 |
_aPresupuesto _zEstados Unidos _952848 |
|
| 650 | 4 |
_aPolítica presupuestaria _zEstados Unidos _952849 |
|
| 700 | 1 |
_aBasurto Clark, David, _etr. _951695 |
|
| 049 | _aBNGR | ||
| 999 |
_c25455 _d25455 |
||